| 000 | 00636nam a2200217 i 4500 | ||
|---|---|---|---|
| 999 |
_c8057 _d8057 |
||
| 001 | 991061543024006706 | ||
| 003 | OSt | ||
| 005 | 20260324143345.0 | ||
| 008 | 251211s2025 sp r 000 0 spa c | ||
| 020 | _a9788446057567 | ||
| 040 | _ccdmr | ||
| 100 | 1 |
_aGómez, Dardo, _eautor |
|
| 245 | 1 | 3 |
_aGuerra judicial a la verdad : _blas SLAPP / _cDardo Gómez Ruiz-Díaz, Francesc Ràfols Sagués |
| 264 | 1 |
_aTres Cantos, Madrid: _bEdiciones Akal, _c2024 |
|
| 300 |
_a123 pàgines ; _c22 cm |
||
| 490 | 1 | _aA fondo | |
| 650 | 7 | _aLlibertat d'expressió | |
| 650 | 7 | _aPetició, Dret de | |
| 650 | 7 | _aParticipació política | |
| 942 | _cMON | ||